000 00759nam a2200265Ia 4500
003 OSt
005 20221005022045.0
006 a|||||r|||| 00| 0
007 ta
008 221004b |||||||| |||| 00| 0 eng d
020 _a0860789640
024 _a80894
037 _cTextual
040 _aCRL
_cCRL
_beng
041 _2eng
_aeng
082 _aA.K<--J, P4
100 _aWallace William A
_9577743
245 0 _aDomingo de Soto and the early Galileo
_b Essays on intellectual History
260 _aAldershot
_bAshgate Publishing Great Britain
_c2004
300 _a124p.
_ccm.
490 _aVariorum collected studies series
650 _aSCIENCE
942 _hA.K<--J, P4
_cTEXL
_2cc
999 _c928589
_d928589